[Event "RUS-chT Rapid Men 2018"]
[Site "Sochi"]
[Date "2018.10.08"]
[Round "4"]
[White "Indjic, Aleksandar"]
[Black "Kobalia, Mikhail"]
[Result "1/2-1/2"]
[WhiteElo "2604"]
[BlackElo "2620"]
[Annotator "TA"]
[PlyCount "116"]
[EventDate "2018.10.05"]
[EventType "swiss"]
[EventCountry "RUS"]
[SourceTitle "playchess.com"]
[Source "ChessBase"]
[SourceQuality "1"]

{[%evp 9,116,19,29,0,0,0,2,0,22,-12,-5,-3,-2,-25,-20,-17,-19,-6,-22,-23,-18,-66,-62,-58,-31,-33,-26,-23,0,0,0,-49,0,-58,-62,-74,-57,-63,0,-46,0,-80,0,-71,0,-74,-13,-25,-45,-39,0,0,0,-22,0,0,0,-110,-96,-170,-150,-167,-66,-69,-64,-86,-72,-94,-45,-41,-10,-42,-20,-21,-26,-23,0,-104,-102,-103,-89,-100,213,213,206,205,203,0,4,8,8,0,0,0,0,0,0,0,8,8,14,0,0,0,0,0,0,0,0]} 1. d4 d5 2. c4 c6 3. Nf3 Nf6 4. Nc3 a6 5. a4 e6 6. Bf4 {D15: Slav Defence: 4 Nc3 a6 and gambit lines after 4 Nc3 dxc4} (6. Bg5 a5 7. e3 Be7 8. Bd3 Na6 9. O-O Nb4 10. Be2 O-O 11. Qb3 b6 12. Rac1 Ba6 13. cxd5 Bxe2 14. Nxe2 exd5 {½-½ (36) Korobov,A (2652)-Malakhov,V (2686) Riadh 2017}) 6... c5 7. e3 {[%cal Be2e3,Be3d4][%mdl 32]} Nc6 8. Be2 cxd4 9. exd4 Be7 $146 ({Predecessor:} 9... dxc4 10. Bxc4 Bd6 11. Bg5 h6 12. Bh4 g5 13. Bg3 Bxg3 14. fxg3 {½-½ (34) Postupa,P (2233)-Kuhl,E (2191) ICCF email 2014}) 10. O-O O-O 11. Ne5 dxc4 12. Nxc6 bxc6 13. Bxc4 a5 14. Re1 Ba6 15. Ba2 Qb6 16. Be5 Rfd8 ({Don't play} 16... Qxb2 $6 17. Rb1 $14) 17. Qf3 Nd7 18. Bg3 {Threatening d5!} Nf6 19. Be5 $1 Nd7 20. Bg3 {With the idea d5!} Nf6 21. Red1 (21. Be5 $1 $11) 21... Rac8 $36 {[%mdl 2048] Black has some pressure.} 22. Be5 Nd7 $1 23. Bf4 Nf6 24. Be5 $1 Nd7 25. Bf4 $1 Nf6 ({But not} 25... Qxb2 26. Rab1 $11) 26. Be5 $1 Nd7 27. Bf4 $1 Qxb2 ({Black should play} 27... Nf8 $17) 28. Rab1 $11 Qc2 29. Rbc1 Qb2 30. Rb1 $1 {[%cal Rb1b2]} Qc2 31. Rbc1 Qb2 32. Rb1 $1 {[%cal Rb1b2]} Qc2 33. Bb3 (33. Rbc1 $1 $11 {keeps the balance.} Qg6 34. Ne4) 33... Qf5 $17 34. g4 {[#]} (34. Ne4 $17) 34... Qg6 $1 $19 35. Rbc1 Bg5 (35... h5 $19 36. h3 hxg4 37. Qxg4 Bd3) 36. Bxg5 $15 Qxg5 37. Ne4 Qe7 38. g5 Bb7 39. Qf4 Nf8 40. h4 Ng6 (40... c5 $5 41. Nxc5 Bd5 $15) 41. Qg4 {[#]} c5 $1 {[%mdl 512]} 42. Nxc5 (42. Rxc5 Bxe4) 42... Bd5 43. Bxd5 (43. h5 $1 $11 Nf8 44. Rc3) 43... Rxd5 $17 44. Ne4 Rxc1 45. Rxc1 {Threatens to win with h5.} f5 $2 {[%mdl 8192]} (45... Rxd4 $17 {stays on course.} 46. Rb1 Rb4 47. Rxb4 axb4) 46. gxf6 $1 $18 gxf6 {White must now prevent ...f5.} 47. Rc8+ Kg7 {[#] Strongly threatening ...f5.} 48. Nc5 $2 (48. Qg3 $1 $18) 48... f5 {The position is equal.} 49. Qg3 {aiming for Rc7.} Qxh4 50. Rc7+ Kh6 51. Nxe6 Qxg3+ 52. fxg3 $11 {[%mdl 4096] Endgame KRN-KRN} Rd6 53. Ng7 Rd5 54. Kf2 Nf8 55. Rf7 Kg6 56. Rxf8 Kxg7 57. Ra8 Rxd4 58. Rxa5 Kg6 {Precision: White = 68%, Black = 53%.} 1/2-1/2

[Event "RUS-chT Rapid Men 2018"]
[Site "Sochi"]
[Date "2018.10.08"]
[Round "4"]
[White "Timofeev, Artyom"]
[Black "Moiseenko, Vadim"]
[Result "1/2-1/2"]
[WhiteElo "2580"]
[BlackElo "2492"]
[Annotator "TA"]
[PlyCount "151"]
[EventDate "2018.10.05"]
[EventType "swiss"]
[EventCountry "RUS"]
[SourceTitle "playchess.com"]
[Source "ChessBase"]
[SourceQuality "1"]

{[%evp 13,151,21,25,7,31,-17,-14,-18,-18,-19,0,-17,-9,-11,-16,-27,-7,-24,-25,-27,0,0,12,0,0,0,0,0,0,0,0,0,0,0,0,0,0,0,0,0,0,-10,0,-8,-5,-7,-3,-6,-6,-9,-10,-14,0,-4,0,0,2,-56,0,0,0,0,0,0,0,0,0,0,0,0,0,0,0,0,0,0,0,0,0,-5,0,0,0,0,0,0,0,0,0,-50,-48,-79,-62,-74,-58,-54,0,0,0,0,0,0,0,0,0,0,0,-28,-28,-54,0,0,0,0,0,0,0,0,0,0,0,0,0,0,0,0,0,0,0,0,0,0,0,0,0,0,0,0,0,0]} 1. c4 b6 2. Nc3 Bb7 3. e3 g6 4. Nf3 Bg7 5. d4 Nf6 6. Be2 d5 7. O-O O-O {LiveBook: 24 Games} 8. Bd2 {D94: Grünfeld: 4 Nf3 Bg7 5 e3} (8. cxd5 Nxd5 9. Bd2 Nd7 10. Nxd5 Bxd5 11. Bc3 c5 12. Rc1 e6 13. Qa4 a6 14. Qa3 Qb8 15. dxc5 Bxc3 16. Qxc3 bxc5 17. Nd2 a5 18. a4 Qb7 {1-0 (35) Nakamura,H (2793)-Nepomniachtchi,I (2751) Zuerich 2017 CBM 178 [Nakamura,H]}) 8... Nbd7 9. b4 dxc4 $146 ({Predecessor:} 9... c5) 10. Bxc4 c5 11. bxc5 bxc5 12. Rb1 Nb6 {...Bxf3 is the strong threat.} 13. Be2 cxd4 14. Nxd4 Ne4 15. Nxe4 Bxe4 16. Rc1 Qd7 17. Bb5 Qb7 18. Bc6 Bxc6 19. Nxc6 Rac8 20. Qf3 Rc7 21. Na5 Qxf3 22. gxf3 Rfc8 23. Rxc7 Rxc7 24. Rc1 Rd7 25. Bb4 Bf6 26. Nc6 Kg7 27. Bc5 Na4 {White must now prevent ...Nc3.} (27... Rc7 {seems wilder.} 28. Ba3 Nd5 29. Kf1 Kf8 30. Na5 Bc3) 28. Bd4 ({Much weaker is} 28. Bxa7 Nc3 $17) 28... Rc7 29. Bxf6+ Kxf6 $11 {[%mdl 4096] Endgame KRN-KRN} 30. f4 Nb6 31. e4 Nd7 32. Rc4 $1 Nb6 33. Rc2 g5 34. e5+ Kg6 {[#]} 35. f5+ ({White should try} 35. e6 $1 $11 {[%mdl 512]} Nd5 (35... fxe6 36. Ne5+) 36. exf7 Kxf7 37. fxg5) 35... Kg7 ({Black should play} 35... Kh5 $15) 36. Kg2 Nd7 {And now ...Nxe5! would win.} 37. Rc4 h5 38. Na5 Rxc4 39. Nxc4 {KN-KN} e6 40. fxe6 fxe6 41. Kf3 Nc5 42. Ke3 Kg6 43. Kd4 Nd7 44. Ke4 $1 g4 45. Kf4 Nc5 46. a3 a6 47. Nb2 Kh6 48. Nc4 Nd3+ 49. Ke3 Ne1 50. Kf4 Kg6 51. a4 Nd3+ 52. Ke3 Nc5 53. a5 Kf5 54. f3 gxf3 (54... Nb3 $15) 55. Kxf3 Nd3 56. Kg3 Nxe5 57. Nd6+ Kg6 58. Ne4 Nd3 59. Kf3 Kf5 {aiming for ...Ne5+.} 60. Ke3 Nb4 61. Nc5 e5 ({Better is} 61... Ke5 $15) 62. Kf3 {The position is equal.} h4 63. h3 Nc6 64. Nxa6 e4+ 65. Ke3 Nxa5 66. Nb4 Ke5 67. Kf2 $1 Nc4 68. Nc6+ $1 Kf4 {Strongly threatening ...e3+.} 69. Ne7 e3+ 70. Ke2 Kg3 71. Nf5+ Kxh3 72. Kf3 {[#]} e2 $1 73. Kxe2 Kg4 {[#]} 74. Nxh4 $1 {[%mdl 512]} Ne3 (74... Kxh4 75. Kf3) 75. Kxe3 Kxh4 76. Ke4 {Precision: White = 71%, Black = 67%.} 1/2-1/2

[Event "RUS-chT Rapid Men 2018"]
[Site "Sochi"]
[Date "2018.10.08"]
[Round "4"]
[White "Rozum, Ivan"]
[Black "Kamsky, Gata"]
[Result "1/2-1/2"]
[WhiteElo "2573"]
[BlackElo "2666"]
[Annotator "TA"]
[PlyCount "99"]
[EventDate "2018.10.05"]
[EventType "swiss"]
[EventCountry "RUS"]
[SourceTitle "playchess.com"]
[Source "ChessBase"]
[SourceQuality "1"]

{[%evp 11,99,17,20,0,16,0,0,-6,0,7,0,0,0,0,0,0,0,0,0,0,0,0,0,0,0,0,0,6,7,0,10,0,0,0,0,0,0,0,0,0,0,-29,-28,-23,0,0,0,0,0,-4,0,-12,-20,-10,0,-8,-8,-8,0,0,0,-10,0,0,0,0,0,0,0,0,0,0,0,0,0,0,0,0,0,0,0,0,0,0,0,0,0,0,0,0]} 1. c4 e5 2. Nc3 Nc6 3. Nf3 Nf6 4. e3 Bb4 5. Qc2 Bxc3 6. Qxc3 Qe7 7. d4 {A28: English Opening: Four Knights Variation} (7. b3 O-O 8. Bb2 Re8 9. a3 d5 10. d4 Ne4 11. Qc2 exd4 12. cxd5 dxe3 13. fxe3 Nc5 14. O-O-O Nd8 {½-½ (57) Le,Q (2715)-Vachier Lagrave,M (2780) chess.com INT 2018}) 7... Ne4 8. Qd3 exd4 9. Nxd4 Nc5 10. Qd1 Nxd4 11. Qxd4 O-O 12. Be2 b6 13. Bf3 Bb7 14. Bxb7 Nxb7 15. b3 $146 Nc5 16. Bb2 {[%csl Gb2][%cal Rd4g7] [#]} f6 17. O-O a5 18. Rad1 d6 19. Qd5+ Qf7 20. Qc6 Rfe8 21. Bd4 Rab8 22. Rb1 h5 23. a3 h4 24. h3 Ne4 25. Rb2 Re6 26. b4 axb4 27. axb4 f5 28. Ra1 {The position is equal.} Kh7 29. Ra7 Re7 30. Rba2 Rbe8 31. Ra8 Rxa8 32. Rxa8 Nd2 33. c5 Qc4 {( -> ...Qc1+)} 34. Ra1 $1 bxc5 35. bxc5 Ne4 36. Qa4 Qxa4 37. Rxa4 dxc5 $11 {[%mdl 4096] Endgame KRB-KRN} 38. Bb2 Kg6 {With the idea ...Rd7.} 39. f3 Ng3 40. Rxh4 Rxe3 41. Rc4 {[#]} f4 $1 {[%mdl 512]} 42. Rxf4 Ne2+ 43. Kf2 Nxf4 44. Kxe3 Nxg2+ {KB-KN} 45. Ke4 c6 46. Ba3 c4 47. Kd4 Ne1 {Threatens to win with ...Nc2+.} 48. Kxc4 Nxf3 49. Bb2 Ng5 50. Kc5 {Precision: White = 67%, Black = 79%.} (50. Bxg7 $5 Kxg7 51. Kc5 $11) 1/2-1/2

[Event "RUS-chT Rapid Men 2018"]
[Site "Sochi"]
[Date "2018.10.08"]
[Round "4"]
[White "Yuffa, Daniil"]
[Black "Romanov, Evgeny"]
[Result "0-1"]
[WhiteElo "2563"]
[BlackElo "2614"]
[Annotator "TA"]
[PlyCount "66"]
[EventDate "2018.10.05"]
[EventType "swiss"]
[EventCountry "RUS"]
[SourceTitle "playchess.com"]
[Source "ChessBase"]
[SourceQuality "1"]

{[%evp 19,66,15,17,2,9,-8,-10,-100,-94,-99,-104,-111,-91,-96,-101,-111,-124,-115,-128,-179,-173,-177,-170,-187,-176,-222,-197,-264,-272,-262,-254,-382,-362,-466,-461,-474,-456,-610,-596,-722,-704,-901,-877,-1551,-1330,-29984,-29985,-29986,-29987]} 1. d4 Nf6 2. c4 b6 3. Nf3 Bb7 4. g3 g6 5. Bg2 Bg7 6. O-O O-O 7. Nc3 Ne4 8. Bd2 {A50: Queen's Fianchetto Defence (1 d4 Nf6 2 c4 b6)} Nxd2 (8... e6 9. Nxe4 Bxe4 10. Bc3 c5 11. Rc1 Nc6 12. e3 Qc7 13. Qd2 Qb7 14. Ne1 cxd4 15. exd4 Ne7 {½-½ (43) Lenic,L (2662)-Vachier Lagrave,M (2789) chess.com INT 2018}) 9. Qxd2 c5 10. d5 d6 {LiveBook: 4 Games} 11. Ne1 $146 ({Predecessor:} 11. h4 Nd7 12. h5 a6 13. a4 Bc8 14. hxg6 hxg6 15. Qf4 Ne5 16. Nxe5 Bxe5 {½-½ (33) Chirila,I (2529)-Akobian,V (2640) Las Vegas 2014}) 11... Na6 {[%cal Bb8a6,Ba6c7,Bc7b5,Bb5d4][%mdl 32]} 12. f4 Nc7 13. Nd3 (13. Qd3 $11 {keeps the balance.}) 13... Ba6 $17 14. b3 b5 15. Nb2 {[#]} bxc4 $1 16. Nxc4 Nb5 17. Ne4 Bxa1 18. Rxa1 Nd4 19. e3 (19. Rc1 $17) 19... Bxc4 $1 $19 20. bxc4 Nf5 21. g4 Ng7 22. Qf2 Rb8 23. f5 (23. Nc3 $142) 23... gxf5 24. gxf5 f6 25. Kh1 (25. Nc3 {is a better defense.}) 25... Qb6 26. Rg1 Qb2 27. Qf4 Kh8 28. Bf3 Rg8 29. h4 Qxa2 30. Nc3 Qc2 31. Ne4 Rb1 32. Rxb1 Qxb1+ 33. Kh2 {[#]} Nh5 $1 {[%mdl 512] Precision: White = 14%, Black = 96%.} 0-1

[Event "RUS-chT Rapid Men 2018"]
[Site "Sochi"]
[Date "2018.10.08"]
[Round "4"]
[White "Savchenko, Boris"]
[Black "Grachev, Boris"]
[Result "1/2-1/2"]
[WhiteElo "2562"]
[BlackElo "2626"]
[Annotator "TA"]
[PlyCount "145"]
[EventDate "2018.10.05"]
[EventType "swiss"]
[EventCountry "RUS"]
[SourceTitle "playchess.com"]
[Source "ChessBase"]
[SourceQuality "1"]

{[%evp 27,145,0,29,0,0,-8,-7,-2,0,-25,0,0,0,0,0,0,0,0,0,0,0,0,0,0,0,0,0,0,0,0,0,0,47,0,0,0,0,0,0,-14,0,-37,0,0,0,-2,0,-20,-26,-69,-18,-52,-41,-36,0,-108,-14,-17,-19,-29,-37,-75,-18,-18,-18,-355,-355,-350,-337,-350,0,0,0,0,0,0,0,0,0,0,0,0,0,0,0,0,0,0,0,0,4694,1739,5704,5686,5114,5097,5057,902,1194,0,0,0,0,0,0,0,0,0,0,0,0,0,0,0,0,0,0,0,0,0]} 1. e4 c5 2. Nf3 e6 3. d4 cxd4 4. Nxd4 Nc6 5. Nc3 a6 6. Be2 Qc7 7. O-O Nf6 8. Be3 Be7 9. f4 d6 10. a3 O-O 11. Qe1 Nxd4 12. Bxd4 b5 13. Qg3 Bb7 14. Rae1 Bc6 {LiveBook: 69 Games} 15. e5 {B85: Sicilian Scheveningen: 6 Be2 a6, lines with early Be3} (15. Bd3 Rae8 16. e5 dxe5 17. fxe5 Nd7 18. Rf4 g6 19. b4 a5 20. Nxb5 Bxb5 21. Bxb5 axb4 22. a4 Rb8 {1-0 (38) Macieja,B (2618)-Vescovi,G (2645) Bermuda 2005}) 15... dxe5 16. Bxe5 Qa7+ 17. Kh1 g6 18. Bd3 Nh5 19. Qh3 f5 $146 ({Predecessor:} 19... Ng7 20. Ne2 Rad8 21. Ng3 f6 22. Bc3 Bc5 23. Rxe6 {0-1 (39) Morris,P (2345)-Murugan,K (2450) London 1989}) 20. Ne2 Rad8 21. c3 $1 Nf6 22. Nd4 Bd5 23. Be2 Nd7 24. Bf3 Nxe5 25. Rxe5 Bf6 26. Nxe6 Bxe5 27. Nxd8 Rxd8 28. fxe5 Qe7 29. Re1 Be4 30. Qg3 Rd3 31. Qf4 g5 32. Qg3 h6 33. h3 Kg7 34. Re2 Rd5 35. e6 Qxe6 36. Bxe4 fxe4 $11 {[%mdl 4096] Endgame KQR-KQR} 37. Qc7+ Kg6 38. Kg1 Rd6 (38... Rd1+ $15 39. Kh2 Rd3) 39. Qc5 Rd1+ 40. Kh2 Rd5 (40... Rd3 {is more complex.} 41. Re3 Rd5 42. Qb4 Qe5+ 43. g3 Rd2+) 41. Qc7 {[#]} (41. Qe3 $11 {keeps the balance.}) 41... Qe5+ (41... Rd3 $1 $17 42. Re1 e3) 42. Qxe5 Rxe5 {KR-KR} 43. g4 Kf6 44. Kg3 Re6 (44... Re7 $17) 45. Rf2+ $1 Ke7 46. Rf5 $2 {[%mdl 8192]} (46. Rd2 $11) 46... e3 $19 47. Rf1 {[#]} Kd6 $1 48. b3 Kd5 $2 (48... e2 $19 49. Re1 Re3+ 50. Kg2 Rxc3) 49. Rd1+ $11 Kc5 {Threatens to win with ...e2.} 50. Kf3 a5 51. Re1 a4 52. bxa4 bxa4 {Strongly threatening ...Kc4.} 53. Rxe3 Rf6+ 54. Ke2 Kc4 55. Re5 Kb3 56. Rb5+ Kxa3 57. c4 Rf4 58. c5 Rc4 $2 {[%mdl 8192]} (58... Rb4 $11 59. Rxb4 Kxb4) 59. Kd3 $18 Rc1 60. Kd4 Ka2 61. Kd5 Rd1+ 62. Ke6 (62. Kc6 $142 Rd8 63. Kb6 Rb8+ 64. Kc6 Rxb5 65. Kxb5) 62... Re1+ 63. Kf6 $2 (63. Kd6 $18 {Hoping for c6.} Rd1+ 64. Kc6) 63... a3 $11 {The position is equal.} 64. c6 {aiming for c7.} Rc1 65. Rb6 Ka1 $1 66. Kg6 Rc3 67. Kxh6 Rxh3+ 68. Kxg5 {c7 is the strong threat.} Rc3 69. Kf4 a2 70. g5 Rc4+ 71. Ke5 Rc5+ 72. Kd6 Rxg5 73. Kc7 {Precision: White = 54%, Black = 58%.} 1/2-1/2

[Event "RUS-chT Rapid Men 2018"]
[Site "Sochi"]
[Date "2018.10.08"]
[Round "4"]
[White "Bocharov, Dmitry"]
[Black "Sergeyev, Alexander"]
[Result "1-0"]
[WhiteElo "2557"]
[BlackElo "2397"]
[Annotator "ChessBase"]
[PlyCount "90"]
[EventDate "2018.10.05"]
[EventType "swiss"]
[EventCountry "RUS"]
[SourceTitle "playchess.com"]
[Source "ChessBase"]
[SourceQuality "1"]
[TimeControl "900+10"]

1. c4 {[%emt 0:00:00]} c6 {[%emt 0:00:00]} 2. Nf3 {[%emt 0:00:10]} d5 {[%emt 0:00:00]} 3. e3 {[%emt 0:00:06]} Nf6 {[%emt 0:00:00]} 4. Nc3 {[%emt 0:00:02]} g6 {[%emt 0:00:03]} 5. d4 {[%emt 0:00:04]} Bg7 {[%emt 0:00:02]} 6. Bd3 {[%emt 0:00:05]} O-O {[%emt 0:00:03]} 7. h3 {[%emt 0:00:02]} Nbd7 {[%emt 0:02:52]} 8. O-O {[%emt 0:00:03]} a6 {[%emt 0:01:47]} 9. b3 {[%emt 0:04:35]} b5 {[%emt 0:00:43]} 10. Qe2 {[%emt 0:00:39]} dxc4 {[%emt 0:04:06]} 11. bxc4 {[%emt 0:00:04]} b4 {[%emt 0:00:03]} 12. Ne4 {[%emt 0:02:27]} c5 {[%emt 0:00:12]} 13. Bb2 {[%emt 0:00:03]} Bb7 {[%emt 0:01:40]} 14. d5 {[%emt 0:01:31]} a5 {[%emt 0:00:51]} 15. Ng3 {[%emt 0:00:44]} Re8 {[%emt 0:01:07]} 16. e4 {[%emt 0:01:15]} e6 {[%emt 0:00:55]} 17. Qc2 {[%emt 0:00:07]} e5 {[%emt 0:00:12]} 18. a4 {[%emt 0:01:18]} Re7 {[%emt 0:00:08]} 19. Nd2 {[%emt 0:00:12]} Ne8 {[%emt 0:00:04]} 20. Nb3 {[%emt 0:00:20]} Nd6 {[%emt 0:00:05]} 21. Ne2 {[%emt 0:00:10]} Ba6 {[%emt 0:00:15]} 22. g3 {[%emt 0:00:32]} f5 {[%emt 0:00:25]} 23. f3 {[%emt 0:00:05]} Rf7 {[%emt 0:00:39]} 24. Kg2 {[%emt 0:00:04]} Qc7 {[%emt 0:00:44]} 25. Nd2 {[%emt 0:00:17]} Raf8 {[%emt 0:00:12]} 26. exf5 {[%emt 0:00:54]} gxf5 {[%emt 0:00:14]} 27. g4 {[%emt 0:00:03]} Nb6 {[%emt 0:00:41]} 28. Ng3 {[%emt 0:00:16]} e4 {[%emt 0:00:50]} 29. fxe4 {[%emt 0:00:34]} Bxb2 {[%emt 0:00:21]} 30. Qxb2 {[%emt 0:00:13]} fxe4 {[%emt 0:00:03]} 31. Rxf7 {[%emt 0:01:41]} Rxf7 {[%emt 0:00:05]} 32. Ngxe4 {[%emt 0:00:12]} Nbxc4 {[%emt 0:00:33]} 33. Nxc4 {[%emt 0:00:11]} Nxc4 {[%emt 0:00:03]} 34. Qe2 {[%emt 0:00:25]} Qe5 {[%emt 0:00:23]} 35. Rd1 {[%emt 0:00:44]} Nd6 {[%emt 0:00:11]} 36. Nxd6 {[%emt 0:00:33]} Qxe2+ {[%emt 0:00:01]} 37. Bxe2 Bxe2 38. Re1 {[%emt 0:00:04]} Rd7 {[%emt 0:00:09]} 39. Ne4 {[%emt 0:00:02]} Kg7 {[%emt 0:00:20]} 40. Rxe2 {[%emt 0:00:09]} Rxd5 {[%emt 0:00:01]} 41. Rd2 {[%emt 0:00:05]} Rxd2+ {[%emt 0:00:10]} 42. Nxd2 {[%emt 0:00:01]} Kf6 {[%emt 0:00:08]} 43. Kf3 {[%emt 0:00:01]} Ke5 {[%emt 0:00:02]} 44. Ke3 {[%emt 0:00:01]} Kd5 {[%emt 0:00:01]} 45. Kd3 {[%emt 0:00:03]} b3 {[%emt 0:00:01] Ke4+} 1-0

[Event "RUS-chT Rapid Men 2018"]
[Site "Sochi"]
[Date "2018.10.08"]
[Round "4"]
[White "Sychev, Klementy"]
[Black "Triapishko, Alexandr"]
[Result "1/2-1/2"]
[WhiteElo "2534"]
[BlackElo "2508"]
[Annotator "ChessBase"]
[PlyCount "71"]
[EventDate "2018.10.05"]
[EventType "swiss"]
[EventCountry "RUS"]
[SourceTitle "playchess.com"]
[Source "ChessBase"]
[SourceQuality "1"]
[TimeControl "900+10"]

1. e4 {[%emt 0:00:00]} c6 {[%emt 0:00:11]} 2. d4 {[%emt 0:00:00]} d5 {[%emt 0:00:01]} 3. Nd2 {[%emt 0:00:00]} dxe4 {[%emt 0:00:03]} 4. Nxe4 {[%emt 0:00:00]} Bf5 {[%emt 0:00:02]} 5. Ng3 {[%emt 0:00:00]} Bg6 {[%emt 0:00:02]} 6. c3 {[%emt 0:00:00]} Nf6 {[%emt 0:02:07]} 7. h4 {[%emt 0:01:29]} h6 {[%emt 0:00:10]} 8. Nh3 {[%emt 0:00:12]} Nbd7 {[%emt 0:00:43]} 9. Bc4 {[%emt 0:00:23]} Nb6 {[%emt 0:01:02]} 10. Bb3 {[%emt 0:00:15]} e6 {[%emt 0:01:17]} 11. Nf4 {[%emt 0:00:12]} Bh7 {[%emt 0:00:05]} 12. Nfh5 {[%emt 0:00:10]} Nbd5 {[%emt 0:01:47]} 13. Qf3 {[%emt 0:01:13]} a5 {[%emt 0:01:47]} 14. a4 {[%emt 0:00:20]} Qc7 {[%emt 0:01:39]} 15. O-O {[%emt 0:00:12]} O-O-O {[%emt 0:00:35]} 16. Bd2 {[%emt 0:00:44]} Rg8 {[%emt 0:02:40]} 17. Nxf6 {[%emt 0:01:26]} Nxf6 {[%emt 0:00:49]} 18. Bf4 {[%emt 0:00:12]} Bd6 {[%emt 0:00:06]} 19. Bxd6 {[%emt 0:00:01]} Rxd6 {[%emt 0:00:09]} 20. Rfe1 {[%emt 0:00:41]} Rgd8 {[%emt 0:00:25]} 21. Re5 {[%emt 0:01:48]} Nd7 {[%emt 0:00:22]} 22. Re2 {[%emt 0:00:04]} Nf6 {[%emt 0:00:08]} 23. Rae1 {[%emt 0:00:10]} Kb8 {[%emt 0:00:22]} 24. Nf1 {[%emt 0:00:47]} Bg6 {[%emt 0:00:44]} 25. Qg3 {[%emt 0:00:29]} Nh5 {[%emt 0:00:30]} 26. Qh2 {[%emt 0:00:28]} Nf6 {[%emt 0:00:19]} 27. Nd2 {[%emt 0:00:33]} Bd3 {[%emt 0:00:12]} 28. Nc4 {[%emt 0:01:09]} Bxe2 {[%emt 0:00:11]} 29. Nxd6 {[%emt 0:00:15]} Qxd6 {[%emt 0:00:18]} 30. Qxd6+ {[%emt 0:00:55]} Rxd6 {[%emt 0:00:01]} 31. Rxe2 {[%emt 0:00:01]} Kc7 {[%emt 0:00:03]} 32. f3 {[%emt 0:00:44]} Nd5 {[%emt 0:00:25]} 33. g3 {[%emt 0:00:28]} b6 {[%emt 0:00:27]} 34. Kf2 {[%emt 0:00:17]} Kd7 {[%emt 0:00:29]} 35. Bc4 {[%emt 0:00:23]} Nc7 {[%emt 0:00:07]} 36. g4 {[%emt 0:01:03]} 1/2-1/2

[Event "RUS-chT Rapid Men 2018"]
[Site "Sochi"]
[Date "2018.10.08"]
[Round "4"]
[White "Shcherbakov, Ruslan"]
[Black "Lugovskoy, Maxim"]
[Result "1/2-1/2"]
[WhiteElo "2516"]
[BlackElo "2428"]
[Annotator "ChessBase"]
[PlyCount "78"]
[EventDate "2018.10.05"]
[EventType "swiss"]
[EventCountry "RUS"]
[SourceTitle "playchess.com"]
[Source "ChessBase"]
[SourceQuality "1"]
[TimeControl "900+10"]

1. d4 {[%emt 0:00:00]} d5 {[%emt 0:00:00]} 2. c4 {[%emt 0:00:00]} e6 {[%emt 0:00:00]} 3. Nf3 {[%emt 0:00:05]} a6 {[%emt 0:00:00]} 4. Bg5 {[%emt 0:02:11]} Be7 {[%emt 0:00:00]} 5. Bxe7 {[%emt 0:00:05]} Qxe7 {[%emt 0:00:00]} 6. cxd5 {[%emt 0:01:42]} exd5 {[%emt 0:00:00]} 7. Nc3 {[%emt 0:00:01]} Nf6 {[%emt 0:00:02]} 8. e3 {[%emt 0:00:23]} c6 {[%emt 0:00:01]} 9. Bd3 {[%emt 0:00:20]} Nbd7 {[%emt 0:00:02]} 10. O-O {[%emt 0:00:07]} O-O {[%emt 0:00:02]} 11. Qc2 {[%emt 0:00:21]} Re8 {[%emt 0:00:02]} 12. h3 {[%emt 0:00:43]} Nf8 {[%emt 0:00:03]} 13. Rae1 {[%emt 0:00:43]} Ng6 {[%emt 0:00:16]} 14. e4 {[%emt 0:01:35]} dxe4 {[%emt 0:00:54]} 15. Nxe4 {[%emt 0:00:02]} Nxe4 {[%emt 0:00:42]} 16. Bxe4 {[%emt 0:00:18]} Be6 {[%emt 0:00:07]} 17. Re3 {[%emt 0:00:58]} Qf6 {[%emt 0:00:28]} 18. Rfe1 {[%emt 0:00:18]} Red8 {[%emt 0:00:01]} 19. h4 {[%emt 0:01:04]} Nf8 {[%emt 0:00:36]} 20. Ng5 {[%emt 0:02:04]} h6 {[%emt 0:00:26]} 21. Nf3 {[%emt 0:00:32]} Bg4 {[%emt 0:02:35]} 22. Ne5 {[%emt 0:00:04]} Be6 {[%emt 0:01:26]} 23. Nf3 {[%emt 0:00:13]} Bg4 {[%emt 0:00:04]} 24. Ne5 {[%emt 0:00:02]} Be6 {[%emt 0:00:48]} 25. Nf3 {[%emt 0:00:03]} Bd5 {[%emt 0:00:22]} 26. Bxd5 {[%emt 0:00:13]} Rxd5 {[%emt 0:00:03]} 27. Re5 {[%emt 0:00:39]} Rad8 {[%emt 0:01:17]} 28. Rxd5 {[%emt 0:00:29]} Rxd5 {[%emt 0:00:02]} 29. Re5 {[%emt 0:00:22]} Rd8 {[%emt 0:00:36]} 30. h5 {[%emt 0:00:08]} Ne6 {[%emt 0:00:11]} 31. Qe4 {[%emt 0:00:02]} Rd7 {[%emt 0:01:49]} 32. g3 {[%emt 0:00:29]} Rd8 {[%emt 0:01:36]} 33. Kg2 {[%emt 0:00:03]} Rd7 {[%emt 0:00:25]} 34. a3 {[%emt 0:00:03]} Rd8 {[%emt 0:00:10]} 35. b4 {[%emt 0:00:29]} Rd7 {[%emt 0:00:01]} 36. d5 {[%emt 0:00:39]} cxd5 {[%emt 0:00:10]} 37. Rxd5 {[%emt 0:00:01]} Rxd5 {[%emt 0:00:01]} 38. Qxd5 {[%emt 0:00:01]} Qe7 {[%emt 0:00:26]} 39. Qe4 {[%emt 0:00:24]} Qc7 {[%emt 0:00:34]} 1/2-1/2